00370 a2200109 4500001001000000005001700010008004100027245008200068100002300150700001800173773006900191ART_1466920260410161913.0260409a 10aTests of a model of production for the Federal Republic of Germany, 1950-19731 aJorgenson, Dale W.1 aConrad, Klaus0 tEuropean economic reviewg- Vol. 10, NÂș 1 (oct. 1977)wREV13346